| 000 | 00789nam a22002297a 4500 | ||
|---|---|---|---|
| 999 |
_c15836 _d15836 |
||
| 003 | MIRAKIL | ||
| 005 | 20240328124939.0 | ||
| 008 | 240328b tu ||||| |||| 00| 0 tur d | ||
| 020 | _a9789751631992 | ||
| 040 |
_aTR-AnCHP _cTR-AnCHP |
||
| 041 | _atur | ||
| 082 |
_a634.903 _bS26o 2016 |
||
| 100 | _aSarıbaş, Metin | ||
| 245 | 1 | 0 |
_aOrmancılık terimleri sözlüğü / _cMetin Sarıbaş. |
| 260 |
_aAnkara : _bTürk Dil Kurumu, _c2016. |
||
| 300 |
_a676 s. ; _c25 cm. |
||
| 490 | 0 |
_aAtatürk Kültür, Dil ve Tarih Yüksek Kurumu Türk Dil Kurumu yayınları ; _v1167 |
|
| 504 | _aKaynakça: 669-676. ss. | ||
| 650 | 0 |
_97768 _aSözlükler _xOrmancılık terimleri |
|
| 856 | _zDijital Nüshası için Partimizin Kütüphane Sorumlusu ile iletişime geçiniz. | ||
| 942 |
_2ddc _cBKS |
||